000 002370000a22000970004500
100 1 _aUprichard, R. E. H.
245 1 0 _aCounseling from the book of Psalm
300 _aVol. 6, Núm 1 (1988), Páginas 6-8
773 0 _tEvangel
942 _cANA
999 _c54310
_d54310